1726 1364 1908 1370 1032 1432 1014 1703 1162 1264 1868 1481 1323 1383 1174 1633 1598 1917 1642 1521 1783 1775 1285 1391 1371 1079 1906 1268 1977 1356 1566 1051 1988 1669 1255 1304 1143 1836 1556 1877 1882 1166 1515 1015 1086 1642 1362 1816 1661 1980 1675 1955 1362 1246 1016 1846 1078 1685 1447 1085 1072 1186 1421 1785 1487 1999 1047 1981 1743 1327 1350 1656 1184 1022 1040 1165 1835 1548 1352 1338 1096 1001 1289 1554 1209 1790 1053 1988 1787 1869 1116 1942 1385 1207 1823 1577 1883 1063 1561 BCNSPRNW ULIB Ver.6.0+V

เปลี่ยนเป็นภาษาไทย

Change to English
 แสดงรายละเอียดบรรณานุกรม
  กลับหน้าหลัก

Brief Record : Get Marc (ISO 2709) : E-mail record : QR code < ปิดหน้าต่าง
LEADER : 00000nam 2200000uu 4500
001    13399124504
003     ULIB
008    150817s2556 th a 000 0 tha d
020    9789749804295
020    9789749804292
090    นว.^bล158บ ล.4
100    ล่อร่า อิงกัลล์ส์ ไวล์เดอร์;^eผู้แต่ง
245    บ้านเล็กริมห้วย/^cล่อร่า อิงกัลล์ส์ ไวล์เดอร์. ; เขียน ,สุคนธรส. ; แปล
250    พิมพ์ครั้งที่9
260    กรุงเทพฯ :^bแพรวเยาวชน,^c2556
300    285 หน้า;^b18.5 ซม.
500    หนังสือชุดบ้านเล็ก
700    สุคนธรส ;^eแปล
945    ^p195^l0^i039775
999    ^aทศพร
รายการนี้ยังไม่มีแท็ก
คุณยังไม่ได้ล็อกอิน คุณสามารถมีกิจกรรมร่วมกับเว็บไซต์ได้ แต่ต้องล็อกอินก่อน ::
  ล็อกอิน

รายการสื่อสารสนเทศ

ลำดับที่ ประเภท เลขเรียก/บาร์โค้ด สถานที่ สถานะ
1. นวนิยาย
นวนิยาย
นว. ล158บ ล.4 ฉ.1 
  Barcode: 039775
ห้องสมุดวิทยาเขตสวรรค์ประชารักษ์
►นวนิยาย
บนชั้น
  ขอยืม

BibComment


ยังไม่เคยถูกคอมเมนท์

คอมเมนท์ทรัพยากรรายการนี้
  คอมเมนท์: บ้านเล็กริมห้วย ล..


 Copyright 2026. Bcnsprnw @Library